Incertidumbre y dolarización de cartera (Registro nro. 15087)

Detalles MARC
000 -LEADER
fixed length control field 00356 a2200121 4500
001 - CONTROL NUMBER
control field ART_7387
005 - DATE AND TIME OF LATEST TRANSACTION
control field 20260410161700.0
008 - FIXED-LENGTH DATA ELEMENTS--GENERAL INFORMATION
fixed length control field 260409a
100 1# - MAIN ENTRY--PERSONAL NAME
Personal name Burdisso, Tamara
245 10 - TITLE STATEMENT
Title Incertidumbre y dolarización de cartera
700 1# - ADDED ENTRY--PERSONAL NAME
Personal name Corso, Eduardo Ariel
773 0# - HOST ITEM ENTRY
Title Ensayos Económicos
Related parts - Nº 63 (jul./sep. 2011)
Record control number REV620

No hay ítems disponibles.